[Event "Mechanics' Peter Grey TNM; 30/90, SD/30"]
[Site "San Francisco"]
[Date "2010.09.21"]
[Round "8.18"]
[White "MacIntyre, Brendan"]
[Black "Sinick, Jeff"]
[Result "1-0"]
[WhiteElo "1676"]
[BlackElo "1249"]
[PlyCount "63"]
[EventDate "2010.??.??"]

1. d4 c5 2. d5 e5 3. Nc3 d6 4. e4 a6 5. Nf3 Bg4 6. Be2 f5 7. Ng5 Bxe2 8. Qxe2
f4 9. Ne6 Qe7 10. Bd2 b5 11. a3 Nf6 12. g3 fxg3 13. fxg3 h6 14. Na2 Ra7 15. Ba5
Qf7 16. O-O-O Qg6 17. Nc3 Be7 18. Rdf1 Kf7 19. Rf5 Rc8 20. g4 Rb7 21. a4 b4 22.
Nd1 Kg8 23. g5 Nh7 24. gxh6 Qxh6+ 25. Kb1 Ng5 26. Qg4 Nxe6 27. dxe6 Nc6 28. Rh5
Qf6 29. Qh3 g5 30. Rf1 Qxf1 31. Rh8+ Kg7 32. Qh6# 1-0

[Event "Mechanics' Peter Grey TNM; 30/90, SD/30"]
[Site "San Francisco"]
[Date "2010.08.10"]
[Round "2.13"]
[White "Manvelyan, Hayk"]
[Black "Byambaa, Uyanga"]
[Result "1-0"]
[WhiteElo "2151"]
[BlackElo "1772"]
[PlyCount "72"]
[EventDate "2010.??.??"]

1. e4 c5 2. Nc3 Nc6 3. g3 d6 4. Bg2 Nf6 5. d3 e5 6. Nge2 h5 7. h3 Be7 8. O-O h4
9. g4 Nxg4 10. hxg4 Bxg4 11. f3 Be6 12. f4 h3 13. Bf3 h2+ 14. Kh1 Bh3 15. Rf2
g5 16. Rxh2 Qd7 17. Ng1 exf4 18. Bg4 Qxg4 19. Qxg4 Bxg4 20. Rxh8+ Bf8 21. Nd5
O-O-O 22. Nf6 Ne5 23. Nxg4 Nxg4 24. Nf3 f6 25. Bd2 Nh6 26. Bc3 g4 27. Bxf6 Nf7
28. Rh7 Re8 29. Rxf7 gxf3 30. Rf1 d5 31. e5 c4 32. d4 c3 33. bxc3 Ba3 34. Rxf3
Bc1 35. Rh3 f3 36. Rxf3 Rg8 1-0

[Event "Mechanics' Peter Grey TNM; 30/90, SD/30"]
[Site "San Francisco"]
[Date "2010.08.24"]
[Round "4.3"]
[White "Manvelyan, Hayk"]
[Black "Goins, Demetrius"]
[Result "1/2-1/2"]
[WhiteElo "2151"]
[BlackElo "2035"]
[PlyCount "120"]
[EventDate "2010.??.??"]

1. e4 c5 2. Nc3 Nc6 3. f4 d6 4. Nf3 Bg4 5. Bc4 e6 6. O-O Nf6 7. h3 Bxf3 8. Qxf3
Be7 9. d3 Nd4 10. Qg3 O-O 11. e5 Nd5 12. Bxd5 exd5 13. exd6 Qxd6 14. Qf2 Bf6
15. Be3 Rfe8 16. Rae1 b6 17. Qd2 Qd7 18. Bxd4 cxd4 19. Nd1 Qa4 20. a3 Rec8 21.
Re2 Rc7 22. Qb4 Qxb4 23. axb4 Rac8 24. Rfe1 Kf8 25. c3 dxc3 26. bxc3 Bxc3 27.
Nxc3 Rxc3 28. Ra2 R8c7 29. Rd1 Rb3 30. Rda1 Rxb4 31. Rxa7 Rxa7 32. Rxa7 Rxf4
33. Rb7 Rd4 34. Rxb6 Rxd3 35. Rb7 Re3 36. Kf2 Re7 37. Rb8+ Re8 38. Rb7 Rd8 39.
Ke3 d4+ 40. Kd3 g6 41. Rb4 Ke7 42. Rxd4 Rxd4+ 43. Kxd4 Kf6 44. Ke4 Kg5 45. g3
h5 46. Kf3 Kf5 47. Ke3 g5 48. Kd4 h4 49. gxh4 gxh4 {
B has a theoretically won position.} 50. Ke3 Ke5 51. Kf3 f5 52. Ke3 f4+ 53. Kd2
Ke4 54. Ke2 f3+ 55. Kf1 Ke3 56. Ke1 Ke4 57. Kf1 Kf4 58. Kf2 Ke4 59. Kf1 Kf5 60.
Kg1 -- ({B agreed to a draw, but he had a win by capturing the h-pawn:} 60...
Ke5 61. Kf1 Ke4 62. Kf2 Kf4 63. Kf1 Kg3) 1/2-1/2

[Event "Mechanics' Peter Grey TNM; 30/90, SD/30"]
[Site "San Francisco"]
[Date "2010.09.21"]
[Round "8.4"]
[White "Manvelyan, Hayk"]
[Black "Perepelitsky, Philipp"]
[Result "1/2-1/2"]
[WhiteElo "2151"]
[BlackElo "2099"]
[PlyCount "70"]
[EventDate "2010.??.??"]

1. d4 d5 2. c4 c6 3. cxd5 cxd5 4. Nf3 Nf6 5. Nc3 Nc6 6. Bf4 Bf5 7. e3 e6 8. Bb5
Nd7 9. Qa4 Qb6 10. O-O Be7 11. Ne5 Ndxe5 12. Bxe5 O-O 13. Bxc6 bxc6 14. Qb3
Qxb3 15. axb3 Bc2 16. Rfc1 Bxb3 17. Ra6 Bc4 18. Rxc6 a5 19. Nb1 Bb4 20. Na3
Bxa3 21. bxa3 Rfc8 22. Rxc8+ Rxc8 23. Rb1 Bb3 24. h3 a4 25. Rb2 Rc1+ 26. Kh2 f6
27. Bd6 Kf7 28. Kg3 g5 29. h4 Kg6 30. Bb4 gxh4+ 31. Kxh4 Kf5 32. f3 Bc4 33. g4+
Kg6 34. Kg3 Rg1+ 35. Rg2 Rxg2+ 1/2-1/2

[Event "Mechanics' Peter Grey TNM; 30/90, SD/30"]
[Site "San Francisco"]
[Date "2010.09.07"]
[Round "6.3"]
[White "Manvelyan, Hayk"]
[Black "Rumph, Todd"]
[Result "1-0"]
[WhiteElo "2151"]
[BlackElo "2013"]
[PlyCount "84"]
[EventDate "2010.??.??"]

1. e4 c6 2. d4 d5 3. e5 Bf5 4. h4 h5 5. Ne2 e6 6. Ng3 Bg6 7. Be2 Be7 8. Nxh5
Bxh5 9. Bxh5 g6 10. Bf3 Rxh4 11. O-O c5 12. c3 Nc6 13. g3 Rh7 14. Be3 Nh6 15.
Qb3 Qd7 16. Bxh6 Rxh6 17. Rd1 O-O-O 18. Na3 c4 19. Qc2 Rdh8 20. Qd2 R8h7 21.
Nc2 Qd8 22. Ne3 Bg5 23. b3 Qh8 24. Kf1 f6 25. bxc4 Na5 26. Qd3 Bxe3 27. Qxe3
Nxc4 28. Qf4 g5 29. Qg4 f5 30. Qxg5 Rg7 31. Qf4 Rh2 32. Rab1 Qe8 33. Rb4 a5 34.
Rxc4+ dxc4 35. d5 exd5 36. Qxf5+ Kb8 37. Rxd5 Rf7 38. Qe4 Qc6 39. e6 Rxf3 40.
Qxf3 Qxe6 41. Qf4+ Ka7 42. Rxa5+ Kb6 1-0

[Event "Mechanics' Peter Grey TNM; 30/90, SD/30"]
[Site "San Francisco"]
[Date "2010.08.31"]
[Round "5.10"]
[White "Manvelyan, Hovik"]
[Black "Chamberlain, Ethan"]
[Result "0-1"]
[WhiteElo "1997"]
[BlackElo "1703"]
[PlyCount "70"]
[EventDate "2010.??.??"]

1. e4 c5 2. Nc3 g6 3. g3 Nc6 4. Bg2 Bg7 5. d3 Nf6 6. f4 d6 7. Nf3 Qb6 8. Rb1 c4
9. d4 e5 10. fxe5 dxe5 11. d5 Ng4 12. Rf1 Nd4 13. h3 Nh6 14. Bxh6 Bxh6 15. Nxe5
O-O 16. Nxc4 Qc5 17. Nd2 Qc7 18. Rf2 Be3 19. Nf1 Bxf2+ 20. Kxf2 Qe5 21. Kg1 f5
22. Qd3 fxe4 23. Nxe4 Bd7 24. Rd1 Nf5 25. Nc5 Qc7 26. Nxd7 Qxd7 27. c4 Qd6 28.
Qc3 Qc5+ 29. Kh2 Rae8 30. b4 Qf2 31. Rd2 Qe1 32. Qd3 Ne3 33. Kg1 Nxf1 34. Rd1
Qf2+ 35. Kh1 Re2 0-1

[Event "Mechanics' Peter Grey TNM; 30/90, SD/30"]
[Site "San Francisco"]
[Date "2010.09.28"]
[Round "9.10"]
[White "Manvelyan, Hovik"]
[Black "Ochoa, Jason"]
[Result "1-0"]
[WhiteElo "1997"]
[BlackElo "1900"]
[PlyCount "87"]
[EventDate "2010.??.??"]

1. Nf3 Nc6 2. b3 e5 3. e3 e4 4. Nd4 Nxd4 5. exd4 Nf6 6. Be2 Be7 7. O-O d5 8. d3
Bf5 9. f3 O-O 10. fxe4 dxe4 11. dxe4 Bxe4 12. c4 c6 13. Nc3 Bg6 14. Bf4 Bd6 15.
Qd2 Bb4 16. Bf3 Qa5 17. Rfc1 Rfe8 18. a3 Bxc3 19. Qxc3 Qxc3 20. Rxc3 Ne4 21.
Bxe4 Rxe4 22. Be3 Rae8 23. Kf2 f5 24. g3 Bf7 25. Rd1 Rd8 26. Rd2 a5 27. d5 cxd5
28. Bb6 Rc8 29. c5 a4 30. b4 f4 31. Re2 Rxe2+ 32. Kxe2 d4 33. Rc1 fxg3 34. hxg3
Bg6 35. Kd2 Kf7 36. b5 d3 37. Rc4 Re8 38. c6 bxc6 39. bxc6 Re2+ 40. Kd1 Rc2 41.
Rf4+ Ke6 42. c7 Kd7 43. Rxa4 Rb2 44. Rd4+ 1-0

[Event "Mechanics' Peter Grey TNM; 30/90, SD/30"]
[Site "San Francisco"]
[Date "2010.09.21"]
[Round "8.14"]
[White "Manvelyan, Hovik"]
[Black "Standen, Julian"]
[Result "1-0"]
[WhiteElo "1997"]
[BlackElo "1690"]
[PlyCount "113"]
[EventDate "2010.??.??"]

1. d4 d5 2. Nf3 Nf6 3. c4 c6 4. cxd5 cxd5 5. Nc3 Nc6 6. Bf4 e6 7. e3 Bd6 8. Bg3
O-O 9. Be2 a6 10. O-O Bxg3 11. hxg3 Bd7 12. Nd2 Qe7 13. a3 e5 14. Nb3 e4 15.
Nc5 Nd8 16. b4 Qd6 17. Qb3 b5 18. Rfc1 Ne6 19. Nb7 Qb6 20. Na5 Nc7 21. Rc2 Rfc8
22. Rac1 Be6 23. Nb1 Nce8 24. Rc5 Nd6 25. Nd2 Nc4 26. Qc2 h6 27. Bxc4 bxc4 28.
Nb1 Rab8 29. Nc3 Qd6 30. Na4 Bd7 31. Rxc8+ Rxc8 32. Nc5 Rb8 33. Rb1 Rb6 34.
Nab7 Qb8 35. Nxd7 Nxd7 36. Nc5 Nf6 37. Qa4 Qe8 38. Qxe8+ Nxe8 39. Kf1 f5 40.
Ke1 Kf7 41. a4 Nc7 42. Kd2 Ke7 43. Kc3 Kd6 44. Rh1 Ke7 45. Rh5 g5 46. f4 exf3
47. gxf3 Kf7 48. Nd7 Re6 49. Ne5+ Kg7 50. f4 gxf4 51. Rxf5 fxg3 52. Rf7+ Kg8
53. Rf3 Kh7 54. Rxg3 h5 55. Kd2 Rf6 56. Rh3 Kh6 57. Ng4+ 1-0

[Event "Mechanics' Peter Grey TNM; 30/90, SD/30"]
[Site "San Francisco"]
[Date "2010.09.21"]
[Round "8.24"]
[White "Mar, Henry"]
[Black "Cole, Tony"]
[Result "1-0"]
[WhiteElo "1562"]
[BlackElo "1494"]
[PlyCount "65"]
[EventDate "2010.??.??"]

1. e4 e5 2. Nf3 Nc6 3. d3 d5 4. Nbd2 d4 5. g3 Bb4 6. a3 Ba5 7. b4 Bb6 8. b5 Na5
9. Nxe5 Qf6 10. Nef3 Bg4 11. Bg2 Ne7 12. O-O O-O 13. h3 Bh5 14. g4 Bg6 15. e5
Qe6 16. Re1 c5 17. Ng5 Qd7 18. Nc4 Qxb5 19. Nd6 Qd7 20. Bf4 h6 21. Nge4 f5 22.
exf6 gxf6 23. Bxh6 Bxe4 24. Nxe4 Rf7 25. Qf3 Nd5 26. Ng3 Ne7 27. Re2 Ng6 28.
Nh5 Kh7 29. Nxf6+ Rxf6 30. Qxf6 Kxh6 31. g5+ Kh7 32. Be4 Qg7 33. Bxg6+ {
moves missing} 1-0

[Event "Mechanics' Peter Grey TNM; 30/90, SD/30"]
[Site "San Francisco"]
[Date "2010.09.14"]
[Round "7.28"]
[White "Mar, Henry"]
[Black "Frank, Robert"]
[Result "1-0"]
[WhiteElo "1562"]
[BlackElo "1353"]
[PlyCount "37"]
[EventDate "2010.??.??"]

1. e4 e5 2. Nf3 Nf6 3. d3 Nc6 4. g3 Bc5 5. c3 O-O 6. Bg2 Re8 7. O-O d5 8. exd5
Nxd5 9. Nbd2 Be6 10. Ne4 f6 $4 11. Nxc5 Qc8 12. Nxe6 Qxe6 13. Re1 h6 14. Nh4 f5
15. Qb3 Nb6 16. Qxe6+ Rxe6 17. Nxf5 Rae8 18. a4 Nd5 $4 19. Bxd5 1-0

[Event "Mechanics' Peter Grey TNM; 30/90, SD/30"]
[Site "San Francisco"]
[Date "2010.08.10"]
[Round "2.27"]
[White "Mar, Henry"]
[Black "Poon, Brunston"]
[Result "1-0"]
[WhiteElo "1562"]
[BlackElo "1018"]
[PlyCount "93"]
[EventDate "2010.??.??"]

1. e4 c6 2. Nf3 d5 3. e5 Bf5 4. d3 Nd7 5. g3 e6 6. Bg2 Ne7 7. O-O Qc7 8. Re1 c5
9. c3 Nc6 10. Bf4 Be7 11. Qe2 h6 12. h4 a6 13. Nbd2 c4 14. dxc4 dxc4 15. Nxc4
O-O 16. Rad1 Rfd8 17. Nd4 Nxd4 18. cxd4 Rac8 19. Ne3 Bh7 20. d5 exd5 21. e6 Ne5
22. exf7+ Kxf7 23. Nxd5 Qc4 24. Qxe5 Qc5 25. Qxe7+ Qxe7 26. Rxe7+ Kf8 27. Rxb7
Bg8 28. Ne3 Rxd1+ 29. Nxd1 Bxa2 30. Bd6+ Kg8 31. Ne3 Rc1+ 32. Kh2 Rc8 33. Nf5
Re8 34. Rxg7+ Kh8 35. Re7 Rxe7 36. Nxe7 Kg7 37. Bd5 Bb1 38. Be5+ Kf8 39. Ng8
Bh7 40. Nxh6 Bg6 41. g4 Bd3 42. Kg3 Ke8 43. h5 Be2 44. f4 Bb5 45. f5 Bd7 46. f6
Kf8 47. Bd6+ 1-0

[Event "Mechanics' Peter Grey TNM; 30/90, SD/30"]
[Site "San Francisco"]
[Date "2010.08.31"]
[Round "5.26"]
[White "Mar, Henry"]
[Black "Sinick, Jeff"]
[Result "0-1"]
[WhiteElo "1562"]
[BlackElo "1249"]
[PlyCount "128"]
[EventDate "2010.??.??"]

1. e4 d5 2. exd5 Qxd5 3. Nc3 Qa5 4. d4 Nf6 5. Bd3 c6 6. Nge2 Bg4 7. O-O e6 8.
h3 Bh5 9. a3 Bd6 10. b4 Bxb4 11. f3 Bxc3 12. Nxc3 Qxc3 13. Be3 Nd5 14. Bf2 Nf4
15. Qb1 b6 16. Be4 f5 17. Bxf5 exf5 18. Re1+ Kf7 19. Qa2+ Nd5 20. Re3 Qd2 21.
Rae1 h6 22. R1e2 Qa5 23. Re7+ Kg6 24. R7e6+ Kh7 25. Be1 Qa6 26. Bd2 Nd7 27. c4
N5f6 28. Rxc6 Rac8 29. d5 Rxc6 30. dxc6 Nc5 31. Re7 Re8 32. Rf7 Bxf7 33. Qc2 g6
34. Qc1 Qxc4 35. Qb2 Nd5 36. c7 Qe2 37. Qd4 Ne3 38. Bxe3 Rxe3 39. c8=Q Re8 40.
Qc7 Re7 41. Qc8 Qe3+ 42. Qxe3 Rxe3 43. Qc7 Kg8 44. Qxa7 Rb3 45. a4 Nd3 46. Qc7
Kg7 47. Qb7 Kf6 48. a5 bxa5 49. Qa6+ Kg5 50. Qxa5 Kh4 51. Kh2 f4 52. Qd8+ g5
53. Qd7 Bh5 54. Qe6 Rb2 55. Qc4 Ne1 56. Qc3 Rxg2+ 57. Kh1 Re2 58. Kg1 Nxf3+ 59.
Kf1 Nd2+ 60. Kg1 f3 61. Qd4+ Kxh3 62. Qd7+ g4 63. Qd6 f2+ 64. Kh1 f1=Q# 0-1

[Event "Mechanics' Peter Grey TNM; 30/90, SD/30"]
[Site "San Francisco"]
[Date "2010.08.17"]
[Round "3.18"]
[White "Mar, Henry"]
[Black "Wang, Yuan"]
[Result "0-1"]
[WhiteElo "1562"]
[BlackElo "1909"]
[PlyCount "120"]
[EventDate "2010.??.??"]

1. e4 c5 2. d3 Nc6 3. Nf3 g6 4. g3 Bg7 5. Bg2 e6 6. O-O Nge7 7. Re1 O-O 8. c3
d5 9. e5 Qc7 10. Bf4 b5 11. Nbd2 a5 12. a3 Bd7 13. d4 c4 14. h4 b4 15. Nf1 Rfb8
16. Qd2 bxc3 17. bxc3 Rb3 18. Reb1 Rab8 19. Rxb3 cxb3 20. Qb2 a4 21. Ne3 Na5
22. Bg5 Bb5 23. Nd2 Nc8 24. Rc1 Nb6 25. Bf6 Bh6 26. f4 Rc8 27. Bf1 Bxf1 28.
Kxf1 Bf8 29. Kg2 Qb7 30. Kh3 Nd7 31. Ng4 h5 32. Ne3 Nxf6 33. exf6 Qb5 34. Ndf1
Qd3 35. Kh2 Bd6 36. Kh3 Rc6 37. Kh2 Bc7 38. Kh3 Bd8 39. Qd2 Qb5 40. Qb2 Bxf6
41. Nd2 Qe2 42. Ng2 Bd8 43. Re1 Qd3 44. Rc1 Nb7 45. Ne1 Qe2 46. Nef3 Ba5 47.
Ne5 Rc7 48. Nef3 Nd6 49. Re1 Qd3 50. Rc1 Bxc3 51. Qb1 Qxb1 52. Nxb1 Nb5 53. Kg2
Ba5 54. Rxc7 Bxc7 55. Kf2 Bd6 56. Ke2 Nxa3 57. Nxa3 Bxa3 58. Kd1 Bb4 59. Kc1 a3
60. Kb1 Bc3 0-1

[Event "Mechanics' Peter Grey TNM; 30/90, SD/30"]
[Site "San Francisco"]
[Date "2010.08.17"]
[Round "3.26"]
[White "Montoya, Daniel"]
[Black "Frank, Robert"]
[Result "1-0"]
[WhiteElo "1483"]
[BlackElo "1353"]
[PlyCount "35"]
[EventDate "2010.??.??"]

1. e4 e5 2. Nf3 Nf6 3. Nxe5 d6 4. Nxf7 Kxf7 5. d4 Nbd7 6. Nc3 c6 7. Bc4+ d5 8.
exd5 cxd5 9. Nxd5 Ke8 10. O-O Nxd5 11. Bxd5 Nf6 12. Re1+ Be7 13. Bb3 b5 14. Qd3
a6 15. Bd2 Bb7 16. Rxe7+ Qxe7 17. Re1 Qxe1+ 18. Bxe1 1-0

[Event "Mechanics' Peter Grey TNM; 30/90, SD/30"]
[Site "San Francisco"]
[Date "2010.08.03"]
[Round "1.13"]
[White "Montoya, Daniel"]
[Black "Goins, Demetrius"]
[Result "0-1"]
[WhiteElo "1483"]
[BlackElo "2035"]
[PlyCount "70"]
[EventDate "2010.??.??"]

1. e4 c5 2. d4 cxd4 3. c3 dxc3 4. Nxc3 Nc6 5. Bc4 d6 6. Nf3 Nf6 7. O-O e6 8.
Qe2 Be7 9. Rd1 e5 10. Be3 O-O 11. Rac1 Be6 12. Bb5 Qa5 13. a3 Bb3 14. Re1 Rac8
15. Nd2 Be6 16. Nc4 Qc7 17. Red1 Nd4 18. Bxd4 exd4 19. Nd5 Bxd5 20. exd5 a6 21.
Nd2 Qa5 22. Bc4 Rfe8 23. Nb3 Qa4 24. Nxd4 Bf8 25. Qd3 Qa5 26. Nf3 Qc7 27. Bb3
Qa5 28. Nd2 Nd7 29. Bc2 g6 30. Qh3 f5 31. Nf3 Nf6 32. Qh4 Bg7 33. Qg3 Bh6 34.
b4 Qd8 35. Ng5 Nh5 0-1

[Event "Mechanics' Peter Grey TNM; 30/90, SD/30"]
[Site "San Francisco"]
[Date "2010.09.21"]
[Round "8.23"]
[White "Montoya, Daniel"]
[Black "Poon, Brunston"]
[Result "1-0"]
[WhiteElo "1483"]
[BlackElo "1018"]
[PlyCount "79"]
[EventDate "2010.??.??"]

1. e4 c6 2. d4 d5 3. f3 dxe4 4. fxe4 e5 5. Nf3 exd4 6. Bc4 Bc5 7. O-O Ne7 8.
Ng5 d3+ 9. Kh1 O-O 10. Nxf7 Rxf7 11. Qh5 Ng6 12. Bxf7+ Kh8 13. Bxg6 h6 14. Qxc5
Nd7 15. Qd4 dxc2 16. Nc3 c5 17. Qd3 b6 18. Qxc2 Ba6 19. Rf7 Ne5 20. Bh5 Nxf7
21. Bxf7 Qd7 22. Bd5 Rf8 23. Be3 Qd6 24. Ne2 Qf6 25. Ng3 Qe5 26. Qc3 Qe7 27.
Bxh6 Qf6 28. Qxf6 Rxf6 29. Bd2 Bd3 30. Bc3 Rf2 31. Kg1 Rf8 32. Nf5 Kh7 33. Bxg7
Re8 34. Bc3 Bxe4 35. Bxe4 Rxe4 36. Re1 Rf4 37. Re7+ Kg6 38. Ng3 a5 39. Rg7+ Kh6
40. Bd2 1-0

[Event "Mechanics' Peter Grey TNM; 30/90, SD/30"]
[Site "?"]
[Date "2010.08.03"]
[Round "1.25"]
[White "Morgan, Jerry"]
[Black "Cendejas, Juan"]
[Result "0-1"]
[WhiteElo "1475"]
[BlackElo "1763"]
[PlyCount "60"]
[EventDate "2010.09.28"]

1. f4 e5 2. fxe5 d6 3. exd6 Bxd6 4. Nf3 Bg4 5. d4 Bxf3 6. exf3 Qh4+ 7. Ke2 Nd7
8. Be3 O-O-O 9. Qd3 Re8 10. Nd2 Bf4 11. Ne4 f5 12. g3 fxe4 13. fxe4 Bxg3 14.
Bg2 Bf4 15. Raf1 Bxe3 16. Qxe3 Qh5+ 17. Kd3 Qb5+ 18. Kd2 Ngf6 19. Kc1 Qc6 20.
d5 Qc4 21. Qxa7 Nb6 22. Bh3+ Nfd7 23. d6 Qxe4 24. dxc7 Qe3+ 25. Kb1 Qxh3 26.
Rd1 Kxc7 27. Qa5 Re2 28. Rxd7+ Qxd7 29. Qc3+ Kb8 30. Qg3+ Qc7 0-1

[Event "Mechanics' Peter Grey TNM; 30/90, SD/30"]
[Site "San Francisco"]
[Date "2010.08.17"]
[Round "3.24"]
[White "Morgan, Jerry"]
[Black "MacIntyre, Brendan"]
[Result "1-0"]
[WhiteElo "1475"]
[BlackElo "1676"]
[PlyCount "57"]
[EventDate "2010.??.??"]

1. f4 b6 2. e4 Bb7 3. d3 e6 4. c3 d6 5. Nf3 Be7 6. Be3 Nf6 7. Nbd2 c5 8. Qc2 d5
9. d4 Nbd7 10. e5 Ng4 11. Bg1 f6 12. O-O-O fxe5 13. fxe5 c4 14. h3 Nh6 15. g4
Qc7 16. Be3 Nf7 17. g5 O-O-O 18. g6 Nfxe5 19. dxe5 Nxe5 20. Nxe5 Qxe5 21. Bd4
Qh5 22. Re1 Qxg6 23. Qxg6 hxg6 24. Rxe6 Kd7 25. Rxg6 Rhg8 26. Rhg1 Rgf8 27.
Rxg7 Rde8 28. Be2 Kd8 29. Bh5 1-0

[Event "Mechanics' Peter Grey TNM; 30/90, SD/30"]
[Site "San Francisco"]
[Date "2010.09.28"]
[Round "9.19"]
[White "Morgan, Jerry"]
[Black "Newey, Richard"]
[Result "0-1"]
[WhiteElo "1475"]
[BlackElo "1762"]
[PlyCount "46"]
[EventDate "2010.??.??"]

1. f4 e6 2. Nf3 d5 3. d3 Nf6 4. c3 Bd6 5. Qc2 c5 6. e4 dxe4 7. dxe4 Bc7 8. Bd3
h6 9. Be3 b6 10. Nbd2 Bb7 11. O-O-O O-O 12. e5 Nd5 13. Nc4 Na6 14. g4 Kh8 15.
Bd2 Ndb4 16. cxb4 Bxf3 17. Be4 Bxh1 18. Bxh1 Rb8 19. Be1 Qe7 20. b5 Nb4 21. Qb3
Rfd8 22. a3 Rxd1+ 23. Qxd1 Rd8 0-1

[Event "Mechanics' Peter Grey TNM; 30/90, SD/30"]
[Site "San Francisco"]
[Date "2010.08.31"]
[Round "5.23"]
[White "Morgan, Jerry"]
[Black "Somerville, Kenneth"]
[Result "0-1"]
[WhiteElo "1475"]
[BlackElo "1698"]
[PlyCount "68"]
[EventDate "2010.??.??"]

1. f4 d5 2. Nf3 Nf6 3. e3 c5 4. Be2 Nc6 5. O-O e6 6. d3 Bd6 7. Nc3 O-O 8. e4 e5
9. Nxd5 exf4 10. Nxf4 Ne5 11. Nxe5 Bxe5 12. Qe1 Bg4 13. Qh4 Bxf4 14. Bxg4 Bxc1
15. Raxc1 Qd4+ 16. Kh1 Qxb2 17. Bf5 h6 18. Qf2 Qxa2 19. Ra1 Qb2 20. Rfb1 Qc3
21. Ra4 b6 22. Rba1 a5 23. R4a3 Qe5 24. Rb1 Rfb8 25. Rb5 Ne8 26. Bd7 Nd6 27.
Rb1 Ra7 28. Bb5 c4 29. Bc6 Rc7 30. Bd5 b5 31. Rxa5 Qc3 32. Ra6 cxd3 33. Rxd6
dxc2 34. Rc1 Qa3 0-1

[Event "Mechanics' Peter Grey TNM; 30/90, SD/30"]
[Site "San Francisco"]
[Date "2010.09.14"]
[Round "7.24"]
[White "Newey, Richard"]
[Black "Capdeville, Barry"]
[Result "1-0"]
[WhiteElo "1762"]
[BlackElo "1334"]
[PlyCount "61"]
[EventDate "2010.??.??"]

1. e4 e5 2. Bc4 Nf6 3. d3 c6 4. Nf3 d5 5. exd5 cxd5 6. Bb3 Nc6 7. O-O Be7 8.
Re1 e4 9. dxe4 dxe4 10. Qxd8+ Bxd8 11. Ng5 O-O 12. Nxe4 Nd4 13. Nd6 Nxb3 14.
axb3 Bd7 15. Nxb7 a5 16. Nxd8 Rfxd8 17. Bg5 Re8 18. Nc3 Rxe1+ 19. Rxe1 Ne8 20.
Na4 Bxa4 21. bxa4 f6 22. Bf4 Kf7 23. Kf1 Rc8 24. Rc1 Rc4 25. Bd2 Rd4 26. Bxa5
Nd6 27. Bc7 Nc4 28. b3 Rd7 29. Bf4 g5 30. Be3 Nxe3+ 31. fxe3 1-0

[Event "Mechanics' Peter Grey TNM; 30/90, SD/30"]
[Site "San Francisco"]
[Date "2010.08.17"]
[Round "3.23"]
[White "Newey, Richard"]
[Black "Chadwick, Richard"]
[Result "1/2-1/2"]
[WhiteElo "1762"]
[BlackElo "1687"]
[PlyCount "79"]
[EventDate "2010.??.??"]

1. e4 c5 2. Nf3 d6 3. d4 cxd4 4. Nxd4 a6 5. c4 Nc6 6. Be3 g6 7. Be2 Bg7 8. O-O
Nf6 9. Nc3 O-O 10. f4 e5 11. Nxc6 bxc6 12. c5 d5 13. fxe5 Nxe4 14. Nxe4 dxe4
15. Qd6 Qxd6 16. exd6 Be6 17. a4 a5 18. Rab1 Rab8 19. Rf2 Rb3 20. Bg5 h6 21.
Bf6 Rb4 22. Rd1 Bxf6 23. Rxf6 Kg7 24. Rdf1 Bd7 25. b3 Be6 26. Bc4 Bxc4 27. bxc4
Rxc4 28. d7 Rxc5 29. d8=Q Rxd8 30. Rxf7+ Kg8 31. Re7 Rf5 32. Rxe4 Rxf1+ 33.
Kxf1 c5 34. Re6 Rd4 35. Rxg6+ Kh7 36. Rc6 Rxa4 37. Rxc5 Ra1+ 38. Ke2 a4 39. Ra5
a3 40. h3 1/2-1/2

[Event "Mechanics' Peter Grey TNM; 30/90, SD/30"]
[Site "San Francisco"]
[Date "2010.08.24"]
[Round "4.10"]
[White "Ochoa, Jason"]
[Black "Jones, James"]
[Result "0-1"]
[WhiteElo "1900"]
[BlackElo "2094"]
[PlyCount "102"]
[EventDate "2010.??.??"]

1. Nf3 c5 2. c4 g6 3. Nc3 Bg7 4. g3 Nc6 5. Bg2 d6 6. O-O Be6 7. d3 Qc8 8. Ng5
Bd7 9. Bd5 Nh6 10. Be3 O-O 11. Qd2 Ng4 12. Bg2 h6 13. Nf3 Rb8 14. Rab1 a6 15.
Nd5 b5 16. b3 Re8 17. h3 Nxe3 18. fxe3 Bxh3 19. Rf2 Bxg2 20. Kxg2 bxc4 21. dxc4
Qg4 22. Rh1 g5 23. Rhf1 a5 24. Nc7 Rec8 25. Nb5 a4 26. Qd5 Nb4 27. Qxf7+ Kxf7
28. Ne5+ Ke6 29. Nxg4 h5 30. Nh2 Nxa2 31. bxa4 Ra8 32. Rf5 Bf6 33. a5 Rxa5 34.
g4 h4 35. Nf3 Ra4 36. Nxg5+ Bxg5 37. Rxg5 Rxc4 38. Rg6+ Kd7 39. Na3 Rc3 40. Nb1
Rxe3 41. Rf2 c4 42. Rg7 c3 43. Na3 c2 44. Nxc2 Rxc2 45. g5 Rcc3 46. g6 Rg3+ 47.
Kh2 Rh3+ 48. Kg1 Rhg3+ 49. Kh2 Nc1 50. e4 Nd3 51. Ra2 Ne5 0-1

[Event "Mechanics' Peter Grey TNM; 30/90, SD/30"]
[Site "San Francisco"]
[Date "2010.09.07"]
[Round "6.8"]
[White "Ochoa, Jason"]
[Black "Perepelitsky, Philipp"]
[Result "0-1"]
[WhiteElo "1900"]
[BlackElo "2099"]
[PlyCount "72"]
[EventDate "2010.??.??"]

1. c4 Nf6 2. Nc3 c6 3. Nf3 d5 4. d4 dxc4 5. e4 b5 6. Be2 e6 7. Bg5 Be7 8. O-O
O-O 9. Bxf6 Bxf6 10. a4 b4 11. Na2 a5 12. e5 Be7 13. Bxc4 Nd7 14. Rc1 Nb6 15.
Bd3 Bb7 16. Qc2 g6 17. Rfd1 Nd5 18. Be4 Rc8 19. Bxd5 cxd5 20. Qd2 Qb6 21. b3
Ba6 22. Rxc8 Rxc8 23. Rc1 Rxc1+ 24. Nxc1 Qc6 25. h4 h5 26. Qf4 Qc3 27. g4 hxg4
28. Nh2 Qe1+ 29. Kg2 Bxh4 30. Nxg4 Qe4+ 31. Qxe4 dxe4 32. Nf6+ Bxf6 33. exf6 g5
34. Kg3 Kh7 35. f4 exf3 36. Kxf3 Kg6 0-1

[Event "Mechanics' Peter Grey TNM; 30/90, SD/30"]
[Site "San Francisco"]
[Date "2010.08.10"]
[Round "2.6"]
[White "Ochoa, Jason"]
[Black "Shakhnazarov, Oleg"]
[Result "0-1"]
[WhiteElo "1900"]
[BlackElo "2175"]
[PlyCount "100"]
[EventDate "2010.??.??"]

1. c4 Nf6 2. g3 e5 3. Bg2 c6 4. b3 d5 5. Bb2 d4 6. Nf3 Bd6 7. O-O O-O 8. d3 c5
9. Nbd2 Nc6 10. Ng5 Ng4 11. Nde4 Be7 12. h3 Nh6 13. Nf3 f5 14. Ned2 Bf6 15. Ba3
Qa5 16. Qc1 Bd7 17. Rb1 Rae8 18. h4 e4 19. Ng5 e3 20. Ndf3 Ng4 21. fxe3 Nxe3
22. Rf2 h6 23. Nh3 Ng4 24. Nf4 Nxf2 25. Kxf2 Be5 26. Ng6 Rf6 27. Nfxe5 Nxe5 28.
Bd5+ Kh7 29. Nxe5 Rxe5 30. Qf4 Rxd5 31. cxd5 Qxa3 32. Qc7 Qxa2 33. Re1 Rf7 34.
Qxc5 f4 35. Qxd4 fxg3+ 36. Kxg3 Qd2 37. Rg1 Re7 38. e4 Qe2 39. e5 Rxe5 40. Rg2
Qe3+ 41. Qxe3 Rxe3+ 42. Kf4 Rxd3 43. Ke5 Rxb3 44. Rc2 Bh3 45. Rc7 a5 46. d6 a4
47. Kd4 a3 48. Rc2 Rb2 49. Rc3 a2 50. Ra3 Be6 0-1

[Event "Mechanics' Peter Grey TNM; 30/90, SD/30"]
[Site "San Francisco"]
[Date "2010.08.10"]
[Round "2.19"]
[White "Olson, David"]
[Black "Abraham, Renjish"]
[Result "0-1"]
[WhiteElo "1420"]
[BlackElo "1821"]
[PlyCount "66"]
[EventDate "2010.??.??"]

1. e4 c5 2. Nf3 d6 3. Bb5+ Bd7 4. Nc3 Bxb5 5. Nxb5 a6 6. Nc3 Nc6 7. O-O Nf6 8.
d4 cxd4 9. Nxd4 Rc8 10. Kh1 g6 11. f4 Bg7 12. Nxc6 Rxc6 13. e5 Nd7 14. exd6
Rxd6 15. Qf3 O-O 16. Qxb7 Qa5 17. Qf3 Rc8 18. Ne4 Rd5 19. c3 Qb5 20. a4 Qc6 21.
Be3 Rb8 22. Bc1 e6 23. Ng5 h6 24. Ne4 Nb6 25. b3 f5 26. Nf2 Qxc3 27. Rb1 Qxf3
28. gxf3 Nxa4 29. Ra1 Bxa1 30. bxa4 Bf6 31. Re1 Kf7 32. Kg2 Rb1 33. Kf1 Bc3 0-1

[Event "Mechanics' Peter Grey TNM; 30/90, SD/30"]
[Site "San Francisco"]
[Date "2010.09.14"]
[Round "7.17"]
[White "Olson, David"]
[Black "Chernobilskiy, Mikhail"]
[Result "0-1"]
[WhiteElo "1420"]
[BlackElo "1845"]
[PlyCount "62"]
[EventDate "2010.??.??"]

1. e4 e5 2. Nf3 Nc6 3. Bb5 a6 4. Be2 Nf6 5. Nc3 Bc5 6. O-O d6 7. d3 h6 8. Nd5
O-O 9. c3 Nxd5 10. exd5 Ne7 11. c4 c6 12. dxc6 Qb6 13. c7 f5 14. Kh1 Bxf2 15.
b4 Bd4 16. Rb1 f4 17. Qb3 Be6 18. c5 Bxb3 19. cxb6 Bxa2 20. Nxd4 Bxb1 21. Nb3
Nd5 22. Bf3 Nxb6 23. Bxb7 Ra7 24. Na5 Bxd3 25. Rf3 Rxb7 26. Nxb7 Be4 27. Rc3
Bxb7 28. Ba3 f3 29. gxf3 Rxf3 30. Rxf3 Bxf3+ 31. Kg1 Nc8 0-1